Primera sección : exposición flotante exposición flotante
Descripción Física:
[8] p. ; 23 cm
MARC
| LEADER | 00000nam a2200000Ia 4500 | ||
|---|---|---|---|
| 001 | 16192 | ||
| 008 | 160829s1876?] xx 000 0 cat d | ||
| 080 | |a RF-14-17 | ||
| 245 | |a Primera sección : |b exposición flotante | ||
| 260 | |a [Madrid : |b Impr. de Miguel Ginesta, |c 1876?] | ||
| 300 | |a [8] p. ; |c 23 cm | ||
| 590 | |a Classificació dels objectes de l''Exposición permanente marítimo-industrial creda en el Ministerio de Marina por Real Decreto de 21 de junio de 1876'. | ||
| 590 | |a Prové de 1402, exp. 1 | ||
| 650 | |a Navegació |x Aparells i instruments |x Exposicions |9 46962 | ||
| 650 | |a Vaixells |x Espanya |x Exposicions |9 46963 | ||
| 856 | 4 | |u https://media.diba.cat/diba/fitxers/arxiu/fulletons/bib_16192_1876_baixa.pdf |y Accés lliure | |
| 856 | 4 | |u https://media.diba.cat/diba/fitxers/arxiu/fulletons/bib_16192_1876_baixa.pdf |y Accés lliure | |
| 901 | |a Arxiu | ||
| 942 | |n 1 |2 udc | ||
| 952 | |0 0 |1 0 |4 0 |6 RF1417 |7 1 |9 53563 |a Arxiu |b Arxiu |d 2016-12-01 |l 0 |o RF-14-17 |p 16192 |r 2016-12-01 00:00:00 |w 2016-12-01 |y ARXIU | ||
| 999 | |c 57429 |d 57429 | ||
| 900 | |a bib_16192_1876_baixa.pdf | ||